000 02012cam a2200397 i 4500
003 DO-SdBNP
005 20240624125718.0
007 ta
008 240624s2015 mx c 000 f spa d
020 _a9786071633217
040 _aDO-SdBNP
_cspa
_dBNPHU
_erda
082 _a327.7307291
_bL578
_222
100 1 _aLeoGrande, William M.
_eautor
_985764
245 1 0 _aDiplomacia encubierta con Cuba :
_bhistoria de las negociaciones secretas entre washington y La Habana /
_cWilliam M. LeoGrande, Peter Kornbluh ; traducción Sandra Sepúlveda Amor ; traducción de abreviaturas, notas, bibliografía e índice Johanna Malcher ; revisión Fausto José Trejo ; prólogo Jorge I. Domínguez
264 1 _aMexico :
_bFondo de Cultura Económica,
_c2015.
300 _a628 páginas
_bretratos
_c23 cm.
336 _2rdacontent
_atexto
_btxt
337 _2rdamedia
_asin mediación
_bn
338 _2rdacarrier
_avolumen
_bnc
490 1 _aPolítica y derecho
500 _aIncluye datos biografícos de los autores en las solapas.
500 _aIncluye índice analítico, p: 605-628
500 _aPrimera edición en español.
504 _aBibliografía p: 585-603
520 _aEste libro investiga la historia de los diálogos secretos, a menudo sorprendentes, entre Washington y La Habana. Los autores, que pasaron más de una década examinando archivos clasificados, ofrecen una relación completa del as negociaciones a partir de 1959, lo que sugiere que el pasado tiene lecciones para los futuros negociadores.
590 _aInventariado, 2024/ YL
650 4 _aNovela española
_91123
650 4 _aLiteratura española
_9632
700 1 _aKornbluh, Peter
_eautor
_985765
700 1 _aSepúlveda Amor, Sandra
_etraducción
_985766
700 1 _aMalcher, Johanna
_etraducción de abreviaturas, notas, bibliografía e índice
_985767
700 1 _aTrejo, Fausto José
_erevisión
_985768
700 1 _aDomínguez, Jorge I.
_eprólogo
_985769
910 _aYLockward
942 _2ddc
_cLBS1
999 _c56941
_d56941